Quick Pick: Reduplicative Place Names Quiz Stats

Quiz Updated Dec 27, 2016

Challenge
Share
Tweet
Embed
Score 0/10 Timer 01:00
0 Plays Today
% Correct
Sing Sing
80.7%
Walla Walla
73.1%
Bora Bora
71.8%
Tourtour
66.9%
Wagga Wagga
61.2%
Pago Pago
59.5%
Phi Phi
42.2%
Tan-Tan
35.3%
Hhohho
27.8%
Iloilo
21.9%

Today's Daily Dose

Missing 'O' Word in Every Category

On This Day
April 19th II

You're not logged in!

Compare scores with friends on all Sporcle quizzes.
Sign Up with Email
OR
Log In

You Might Also Like...

Show Comments

Extras

Top Quizzes Today


Score Distribution

Your Account Isn't Verified!

In order to create a playlist on Sporcle, you need to verify the email address you used during registration. Go to your Sporcle Settings to finish the process.

Report this User

Report this user for behavior that violates our Community Guidelines.

Details: